00510 a2200169 450000100060000002000060000604000220001210000160003424000350005024500300008530000080011536200090012365000590013294200070019195201250019899900170032361041 a  cAnchieta - Pituba aMoura, Anya10aUFBA vestibular 2012-2013lpor10aUFBA vestibular 2012-2013 a3100 a2011 4a. Vestibulares / Exames de admissão em universidades cBK 00104070a91.1b91.1d2023-11-21l1o378.161 M929u MOU UFBp12915/PITr2024-07-08 19:41:59s2024-06-18w2023-11-21yBK c61041d61041